Voliteľné rozhrania frekvenčných meničov ABB vstupná brána do technologických procesov

Podrobná bibliografia
Hlavný autor: Ivanič, Pavol (Autor)
Médium: Článok
Jazyk:slovenčina
Fyzický popis:Fotogr., tab.
ISSN:1335-2237
Predmet:

MARC

LEADER 00000nab a2200000 a 4500
001 vtls010062909
003 SK-MaSNL
005 20260304155118.0
008 250507c2009 xo |||||||||||000 b|slo
015 |a SNBRB2010/02  |2 snkbucl 
035 |a (uuid)965d2abe-d81f-4dc7-b3c2-d551189b5a85 
035 |a urn:nbn:sk:snk-abc5n4 
035 |a (urnnbn)urn:nbn:sk:snk:ar-001m9o 
038 |a SNKBUCL 
040 |a SNKBUCL  |b slo  |c SNKBUCL  |e AACR2 
041 0 |a slo 
044 |a xo  |c SK 
080 |a 621.314.26:061.5  |2 2001 
080 |a 681.518:004.32  |2 2001 
080 |a 621.372.63  |2 2001 
100 1 |a Ivanič, Pavol  |4 aut  |9 1317135 
245 1 0 |a Voliteľné rozhrania frekvenčných meničov ABB  |b vstupná brána do technologických procesov  |c Pavol Ivanič 
300 |b Fotogr., tab. 
610 2 7 |a ABB  |2 snkbucl  |9 30587 
650 0 7 |a frekvenčné meniče  |2 snkbucl  |9 1038242 
650 0 7 |a komunikačné rozhrania  |2 snkbucl  |9 1467163 
773 0 |t AT&P journal  |g Roč. XVI, č. 10 (2009), s. 32-33  |x 1335-2237 
850 |a Slovenská národná knižnica 
852 |a Slovenská národná knižnica 
954 |a odborná, vedecká literatúra pôvodná (slovenská)  |2 lita 
958 |a article15 
958 |a OND 
958 |a EUIPO 
999 |c 2960855  |d 2962785